000 00567nam a2200241 a 4500
001 nice12345678
003 IN_TiNIC
005 20260116011510.0
008 050524s1967 cola grp 000 0 eng
020 _a
_c100
082 0 0 _a230
_bROB
100 _aRobinson, T A
245 _aBut That I Can`t Beleive
260 _aCollins
_bFantana Books
_c1967
300 _a127p
500 _aincludes index and biblioraphy
505 2 _aIndex, Bibliography
650 _aTheology
700 1 _aRobinson, T A
902 _bSRS
942 _cBK
999 _c2055
_d2055